[Event "NED-ch U17"]
[Site "Rotterdam"]
[Date "2015.05.08"]
[Round "8"]
[White "Elgersma, Simon"]
[Black "De Feijter, Bas"]
[Result "1-0"]
[WhiteElo "1935"]
[BlackElo "2007"]
[PlyCount "43"]
[EventDate "2015.05.02"]
[EventType "swiss"]
[EventRounds "9"]
[EventCountry "NED"]
[SourceTitle "EXT 2016"]
[Source "ChessBase"]
[SourceDate "2015.10.08"]
[SourceVersion "1"]
[SourceVersionDate "2015.10.08"]
[SourceQuality "1"]

1. e4 c5 2. Nf3 e6 3. d4 cxd4 4. Nxd4 a6 5. Bd3 Qc7 6. 0-0 Nf6 7. Qe2 d6 8. c4 Nbd7 9. Nc3 g6 10. f4 Bg7 11. Be3 Nc5 12. Bc2 0-0 13. Kh1 b6 14. Bg1 Ncd7 15. Rad1 e5 16. fxe5 Nxe5 17. Rxf6 Bxf6 18. Nd5 Qd8 19. Nc6 Bg4 20. Qf1 Qc8 21. Qxf6 Nxc6 22. Bd4 1-0

[Event "NED-ch U17"]
[Site "Rotterdam"]
[Date "2015.05.04"]
[Round "4"]
[White "De Feijter, Bas"]
[Black "Loutragotis, Dimitrios"]
[Result "1/2-1/2"]
[WhiteElo "2007"]
[BlackElo "1659"]
[PlyCount "55"]
[EventDate "2015.05.02"]
[EventType "swiss"]
[EventRounds "9"]
[EventCountry "NED"]
[SourceTitle "EXT 2016"]
[Source "ChessBase"]
[SourceDate "2015.10.08"]
[SourceVersion "1"]
[SourceVersionDate "2015.10.08"]
[SourceQuality "1"]

1. d4 Nf6 2. c4 e6 3. g3 d5 4. Nf3 Nbd7 5. Qc2 c6 6. Bg2 Bd6 7. 0-0 0-0 8. Rd1 Qe7 9. Nbd2 Rd8 10. e4 dxe4 11. Nxe4 Nxe4 12. Qxe4 Nf6 13. Qc2 Bd7 14. Ne5 Be8 15. b3 Nd7 16. Nxd7 Qxd7 17. Bb2 f6 18. Be4 h6 19. Qe2 Bf7 20. Bc2 Qe7 21. Qe4 Ba3 22. Bxa3 Qxa3 23. Qe2 Qa5 24. Be4 Re8 25. a4 Rad8 26. Ra2 Rd7 27. Rad2 Red8 28. Rd3 1/2-1/2

[Event "Agneaux St Lo op U20 16th"]
[Site "Agneaux"]
[Date "2014.07.10"]
[Round "6"]
[White "De Feijter, Bas"]
[Black "Marie, Florian"]
[Result "1/2-1/2"]
[WhiteElo "1895"]
[BlackElo "1752"]
[PlyCount "90"]
[EventDate "2014.07.06"]
[EventType "swiss"]
[EventRounds "9"]
[EventCountry "FRA"]
[SourceTitle "EXT 2015"]
[Source "ChessBase"]
[SourceDate "2014.11.20"]
[SourceVersion "1"]
[SourceVersionDate "2014.11.20"]
[SourceQuality "1"]

1. d4 Nf6 2. c4 g6 3. g3 Bg7 4. Bg2 d6 5. Nc3 0-0 6. Nf3 c6 7. 0-0 Qc7 8. e4 e5 9. h3 Nh5 10. g4 Nf4 11. Bxf4 exf4 12. Qd2 f5 13. exf5 gxf5 14. g5 Be6 15. d5 Bf7 16. Qxf4 cxd5 17. Nb5 Qxc4 18. Qxc4 dxc4 19. Nc7 Bxb2 20. Rab1 c3 21. Nd4 Nc6 22. Nxc6 bxc6 23. Nxa8 Rxa8 24. Bxc6 Rc8 25. Bd7 Rc7 26. Bxf5 Bxa2 27. Ra1 Bxa1 28. Rxa1 c2 29. Rc1 Bb1 30. Kf1 Rc5 31. Bd3 a5 32. Ke2 a4 33. Kd2 a3 34. Bxc2 Bxc2 35. Rxc2 Rxc2+ 36. Kxc2 Kg7 37. f4 Kg6 38. h4 Kf5 39. h5 d5 40. Kb3 d4 41. Kxa3 Kxf4 42. g6 hxg6 43. hxg6 d3 44. Kb2 Ke3 45. g7 d2 1/2-1/2

[Event "Maastricht Limburg op-B 8th"]
[Site "Maastricht"]
[Date "2014.06.06"]
[Round "1"]
[White "De Feijter, Bas"]
[Black "Van Hoorn, Geert"]
[Result "1-0"]
[WhiteElo "1894"]
[BlackElo "1695"]
[PlyCount "63"]
[EventDate "2014.06.06"]
[EventType "swiss"]
[EventRounds "7"]
[EventCountry "NED"]
[SourceTitle "EXT 2015"]
[Source "ChessBase"]
[SourceDate "2014.11.20"]
[SourceVersion "1"]
[SourceVersionDate "2014.11.20"]
[SourceQuality "1"]

1. d4 Nf6 2. c4 c5 3. d5 b5 4. cxb5 a6 5. bxa6 Bxa6 6. Nc3 g6 7. g3 d6 8. Bg2 Bg7 9. Nf3 0-0 10. 0-0 Nbd7 11. Rb1 Qb6 12. b3 Rfb8 13. Qc2 Ng4 14. Na4 Qa7 15. h3 Nge5 16. Nxe5 Nxe5 17. Be3 Nd7 18. Nb2 Nb6 19. Rfd1 Rc8 20. a4 Qd7 21. a5 Nxd5 22. Bxd5 Qxh3 23. Bg2 Qh5 24. Bf3 Qh3 25. Na4 c4 26. Nb6 cxb3 27. Qe4 d5 28. Qg4 Qxg4 29. Bxg4 f5 30. Bf3 Bc4 31. Nxa8 Rxa8 32. Bxd5+ 1-0

[Event "NED-ch U17"]
[Site "Rotterdam"]
[Date "2014.04.26"]
[Round "1"]
[White "Mesman, Edwyn"]
[Black "De Feijter, Bas"]
[Result "1-0"]
[WhiteElo "1787"]
[BlackElo "1880"]
[PlyCount "94"]
[EventDate "2014.04.26"]
[EventType "swiss"]
[EventRounds "9"]
[EventCountry "NED"]
[SourceTitle "EXT 2016"]
[Source "ChessBase"]
[SourceDate "2015.10.08"]
[SourceVersion "1"]
[SourceVersionDate "2015.10.08"]
[SourceQuality "1"]

1. e4 c5 2. Nc3 Nc6 3. f4 e6 4. Nf3 d5 5. Bb5 Nge7 6. 0-0 a6 7. Bxc6+ Nxc6 8. d3 Be7 9. Qe1 0-0 10. a3 b5 11. Qg3 Nd4 12. Qf2 Nxf3+ 13. Qxf3 Bb7 14. f5 b4 15. Qg4 exf5 16. exf5 bxc3 17. Bh6 g6 18. Bxf8 Bxf8 19. fxg6 hxg6 20. Qf4 Qd7 21. bxc3 Bg7 22. d4 cxd4 23. cxd4 Rc8 24. Rab1 Qc7 25. Qh4 Ba8 26. Qf2 Bc6 27. c3 Bb5 28. Rfc1 Bh6 29. Re1 Qxc3 30. a4 Bxa4 31. Re7 Rf8 32. Rf1 f6 33. Qh4 Bg7 34. Rfe1 Bb5 35. Qg4 f5 36. Qxg6 Qxd4+ 37. Kh1 Qf6 38. Qh5 Qh6 39. Qf3 Bc4 40. Qg3 d4 41. Rc7 Bf7 42. Rd7 Qg6 43. Qf4 a5 44. Ra1 Re8 45. h3 Qe6 46. Ra7 d3 47. R1xa5 Qe1+ 1-0

[Event "NED-ch U14 op"]
[Site "Borne"]
[Date "2013.08.07"]
[Round "5"]
[White "De Feijter, Bas"]
[Black "Schaap, Ricky"]
[Result "1/2-1/2"]
[WhiteElo "1812"]
[BlackElo "1633"]
[PlyCount "56"]
[EventDate "2013.08.05"]
[EventType "swiss"]
[EventRounds "9"]
[EventCountry "NED"]
[SourceTitle "EXT 2015"]
[Source "ChessBase"]
[SourceDate "2014.11.20"]
[SourceVersion "1"]
[SourceVersionDate "2014.11.20"]
[SourceQuality "1"]

1. e4 c5 2. Nf3 Nc6 3. d4 cxd4 4. Nxd4 Qc7 5. Nc3 e6 6. Be3 a6 7. Be2 Nf6 8. 0-0 Bb4 9. Na4 Nxe4 10. Nxc6 Qxc6 11. Nb6 Bc5 12. Bxc5 Qxc5 13. Nxa8 b5 14. Bf3 Bb7 15. b4 Qc6 16. Qd4 Bxa8 17. Qxg7 Rf8 18. Qe5 Qd5 19. Qxd5 Bxd5 20. Rfe1 Nf6 21. Bxd5 Nxd5 22. a3 f6 23. Rad1 Kf7 24. Ra1 Rc8 25. Rec1 Rc3 26. Kf1 Kg6 27. Ra2 Kf5 28. a4 Nb6 1/2-1/2

[Event "NED-ch U14 op"]
[Site "Borne"]
[Date "2013.08.06"]
[Round "3"]
[White "De Feijter, Bas"]
[Black "Rijken, Jasper"]
[Result "1/2-1/2"]
[WhiteElo "1812"]
[BlackElo "1590"]
[PlyCount "42"]
[EventDate "2013.08.05"]
[EventType "swiss"]
[EventRounds "9"]
[EventCountry "NED"]
[SourceTitle "EXT 2015"]
[Source "ChessBase"]
[SourceDate "2014.11.20"]
[SourceVersion "1"]
[SourceVersionDate "2014.11.20"]
[SourceQuality "1"]

1. e4 c6 2. d4 d5 3. e5 Bf5 4. Nc3 e6 5. g4 Bg6 6. Nge2 Bb4 7. Bd2 Nd7 8. Nf4 Ne7 9. h4 h6 10. h5 Bh7 11. Bd3 c5 12. Nb5 Bxd2+ 13. Qxd2 Nc8 14. Bxh7 Rxh7 15. 0-0-0 Qb6 16. Nc3 cxd4 17. Na4 Qc7 18. Rhe1 b5 19. Qd3 Rh8 20. Qxb5 Rb8 21. Qe2 Rb4 1/2-1/2

[Event "Haarlem Nova College op-B 12th"]
[Site "Haarlem"]
[Date "2013.06.29"]
[Round "2"]
[White "De Feijter, Bas"]
[Black "Dubbeldam, Nick"]
[Result "1/2-1/2"]
[WhiteElo "1760"]
[BlackElo "2089"]
[PlyCount "35"]
[EventDate "2013.06.28"]
[EventType "swiss"]
[EventRounds "6"]
[EventCountry "NED"]
[SourceTitle "EXT 2015"]
[Source "ChessBase"]
[SourceDate "2014.11.20"]
[SourceVersion "1"]
[SourceVersionDate "2014.11.20"]
[SourceQuality "1"]

1. e4 c5 2. Nf3 d6 3. c3 Nf6 4. Bd3 Nc6 5. Bc2 Bg4 6. 0-0 Ne5 7. Ba4+ Bd7 8. Bxd7+ Qxd7 9. d4 Nxf3+ 10. Qxf3 Qc6 11. d5 Qc7 12. c4 g6 13. b3 Bg7 14. Bb2 0-0 15. Nc3 a6 16. Qe2 Rab8 17. a4 b6 18. Rad1 1/2-1/2

[Event "Haarlem Nova College op-B 12th"]
[Site "Haarlem"]
[Date "2013.06.29"]
[Round "3"]
[White "Hensbergen, Willem"]
[Black "De Feijter, Bas"]
[Result "1/2-1/2"]
[WhiteElo "2059"]
[BlackElo "1760"]
[PlyCount "65"]
[EventDate "2013.06.28"]
[EventType "swiss"]
[EventRounds "6"]
[EventCountry "NED"]
[SourceTitle "EXT 2015"]
[Source "ChessBase"]
[SourceDate "2014.11.20"]
[SourceVersion "1"]
[SourceVersionDate "2014.11.20"]
[SourceQuality "1"]

1. d4 f5 2. g3 Nf6 3. Bg2 e6 4. c4 Be7 5. Nh3 0-0 6. 0-0 d5 7. b3 c6 8. Bb2 a5 9. Nd2 Bd6 10. Qc2 Qe7 11. Nf3 b5 12. Ne5 Ba6 13. Nf4 Rc8 14. Rac1 Qe8 15. c5 Bc7 16. f3 Nbd7 17. Nfd3 Bb7 18. Nxd7 Nxd7 19. e4 Qf7 20. Rce1 Re8 21. Bc1 Qf6 22. Qf2 Ba6 23. b4 axb4 24. Nxb4 Bb7 25. Bd2 g5 26. exf5 exf5 27. f4 g4 28. Re3 Rxe3 29. Qxe3 Qf7 30. Re1 Nf6 31. Qe6 Qxe6 32. Rxe6 Kf7 33. Re2 1/2-1/2

[Event "Haarlem Nova College op-B 12th"]
[Site "Haarlem"]
[Date "2013.06.28"]
[Round "1"]
[White "Lacourt, Frederique"]
[Black "De Feijter, Bas"]
[Result "0-1"]
[WhiteElo "1552"]
[BlackElo "1760"]
[PlyCount "68"]
[EventDate "2013.06.28"]
[EventType "swiss"]
[EventRounds "6"]
[EventCountry "NED"]
[SourceTitle "EXT 2015"]
[Source "ChessBase"]
[SourceDate "2014.11.20"]
[SourceVersion "1"]
[SourceVersionDate "2014.11.20"]
[SourceQuality "1"]

1. e4 c5 2. Nf3 e6 3. d4 cxd4 4. Nxd4 a6 5. Nc3 Qc7 6. Be3 Bb4 7. Nde2 Nf6 8. f3 Nc6 9. a3 Be7 10. Bf4 d6 11. Ng3 h5 12. h4 b5 13. Qd2 Ne5 14. Rd1 Bd7 15. Be2 Bc6 16. Bg5 Rd8 17. Bxf6 Bxf6 18. f4 Nc4 19. Bxc4 bxc4 20. Qe2 Qe7 21. Qxc4 Bb7 22. Kf2 Bxh4 23. Rh3 Qf6 24. Nce2 g5 25. Rdh1 gxf4 26. Rxh4 fxg3+ 27. Kxg3 Rg8+ 28. Kh3 Qg5 29. g3 Rc8 30. Qb3 Bxe4 31. Qa4+ Bc6 32. Qxa6 Qf5+ 33. Kh2 Qf2+ 34. Kh3 Qg2# 0-1

[Event "NED-ch U15"]
[Site "Haarlem"]
[Date "2012.05.02"]
[Round "5"]
[White "De Feijter, Bas"]
[Black "Van Dijk, Rowan"]
[Result "0-1"]
[WhiteElo "1654"]
[BlackElo "1668"]
[PlyCount "130"]
[EventDate "2012.04.28"]
[EventType "swiss"]
[EventRounds "9"]
[EventCountry "NED"]
[SourceTitle "EXT 2013"]
[Source "ChessBase"]
[SourceDate "2012.11.22"]
[SourceVersion "1"]
[SourceVersionDate "2012.11.22"]
[SourceQuality "1"]

1. e4 e6 2. d4 d5 3. exd5 exd5 4. Nf3 Nc6 5. Bd3 Nb4 6. 0-0 Nxd3 7. Qxd3 Bd6 8. Bg5 f6 9. Bd2 Ne7 10. c4 c6 11. c5 Bc7 12. Nc3 0-0 13. Rfe1 Bf5 14. Qe2 Ng6 15. b4 Re8 16. Qd1 Rxe1+ 17. Qxe1 Qe8 18. b5 Nf4 19. Nh4 Bd7 20. Nf3 Qg6 21. Bxf4 Bxf4 22. bxc6 bxc6 23. Ne2 Bc7 24. Ng3 Rb8 25. Qe7 Qf7 26. Qe2 a5 27. Nh4 g6 28. Nf1 Rb4 29. Rd1 a4 30. Ne3 Bd8 31. Qa6 Qe6 32. a3 Bc8 33. Qa8 Rb5 34. Qxa4 Ba5 35. Nf3 Qe8 36. Qc2 Kf7 37. Nd2 Bc7 38. Nb3 Bf4 39. Qd3 Bd7 40. Ra1 Qb8 41. Nd2 Bxh2+ 42. Kh1 Bc7 43. a4 Rb2 44. Qc3 Bc8 45. g3 Ba6 46. Kg2 Qb4 47. Qxb4 Rxb4 48. Nf3 Rb2 49. Rh1 Kg7 50. Re1 Ba5 51. Ra1 Bd2 52. Nf1 Bxf1+ 53. Kxf1 Ba5 54. Kg2 g5 55. g4 Kg6 56. Ra3 h5 57. gxh5+ Kxh5 58. Re3 g4 59. Ng1 Kg5 60. Re6 Ra2 61. Rxc6 Be1 62. Rd6 Rxf2+ 63. Kh1 Kh4 64. c6 g3 65. c7 Rh2# 0-1

[Event "NED-ch U13"]
[Site "Rijswijk"]
[Date "2011.06.04"]
[Round "8"]
[White "De Feijter, Bas"]
[Black "Bosma, Jan"]
[Result "1/2-1/2"]
[WhiteElo "1399"]
[BlackElo "1367"]
[PlyCount "81"]
[EventDate "2011.06.02"]
[EventType "swiss"]
[EventRounds "9"]
[EventCountry "NED"]
[SourceTitle "EXT 2012"]
[Source "ChessBase"]
[SourceDate "2011.11.24"]
[SourceVersion "1"]
[SourceVersionDate "2011.11.24"]
[SourceQuality "1"]

1. e4 d6 2. d4 Nf6 3. Nc3 g6 4. Be3 Bg7 5. Nf3 0-0 6. h3 c6 7. Be2 Qc7 8. 0-0 Nbd7 9. Qd2 b5 10. Bd3 Bb7 11. Bh6 Rad8 12. Bxg7 Kxg7 13. Rfe1 e5 14. dxe5 dxe5 15. Qe3 a5 16. Rad1 Rfe8 17. Nh4 h6 18. Be2 Qb6 19. Qg3 Kh7 20. Bg4 Nc5 21. Qe3 Nxg4 22. hxg4 b4 23. Ne2 Na4 24. Qb3 Qc7 25. Qxa4 Ba6 26. Rxd8 Qxd8 27. Qb3 Kg7 28. Qf3 Qxh4 29. Rd1 Rd8 30. Rxd8 Qxd8 31. Ng3 Qd2 32. Qb3 Qd1+ 33. Kh2 Qxg4 34. Qa4 Qh4+ 35. Kg1 Qd8 36. Qxc6 Qc8 37. Qxc8 Bxc8 38. Kf1 Ba6+ 39. Ke1 a4 40. Kd2 Bc4 41. b3 1/2-1/2